• 首页
  • 本馆介绍
  • 公告通知
  • 最新文献
  • 馆藏检索
  • 电子资源
  • 读者导购
  • 参考咨询
  • 我的图书馆
  • 登录
  • 详细信息显示
  • 放入我的书架
  • 预约/预借图书
  • 作者相关作品
  • 分类相关作品
  • 丛书相关作品
  • 出版社相关作品

书目信息

  • 表格格式
  • 工作单格式
  • 卡片格式
题名:
和教师的谈话
    
 
作者: 赞科夫 著 ;杜殿坤 译
分册:  
出版信息: 北京   教育科学出版社  1980
页数: 301页
开本: 19cm
丛书名:
单 册:
中图分类: G551.2
科图分类:
主题词: 教学研究--小学 , 教育事业--世界
电子资源:
ISBN:
000 00809nam0 2200265 45
001 0180001337
005 20060813085058.95
010    @dCNY0.70
091    @a7232.2
100    @a19950817d1980 emky0chiy0121 ea
101 1  @achi@crus
102    @aCN@b110000
105    @ay z 000yy
200 10 @a和教师的谈话@Ahe jiao shi de tan hua@e小学教学问题@f(苏)列·符·赞科夫著@F(su)lie·fu·zan ke fu zhu@g杜殿坤译
210    @a北京@c教育科学出版社@d1980
215    @a301页@d19cm
517 1  @a小学教学问题@Axiao xue jiao xue wen ti
606    @a教学研究@x小学
606 0  @a教育事业@x世界
690    @aG551.2
701  0 @a赞科夫@Azan ke fu@4著
702  0 @a杜殿坤@Adu dian kun@4译
801  0 @aCN@b上海图书馆@c20060813
801  2 @aCN@bNLC@c20060804
905    @f1@b33959@f1@b33963@f1@b33965@dG551.2@e13
    
    和教师的谈话:小学教学问题/(苏)列·符·赞科夫著/杜殿坤译.-北京:教育科学出版社,1980
    301页;19cm
    
    
    ISBN :CNY0.70
    
●
相关链接 在E读中查询图书 在五车中查询图书 在当当中查询图书 在豆瓣中查询图书


正题名:和教师的谈话     索取号:G551.2/13         预约/预借

序号 登录号 条形码 馆藏地/架位号 状态 备注
1 0033958   202191519   密集书库/ [索取号:G551.2/13] 在馆    
2 0033959   001727849   密集书库/ [索取号:G551.2/13] 在馆    
3 0033960   202202124   密集书库/ [索取号:G551.2/13] 在馆    
4 0033961   202201991   密集书库/ [索取号:G551.2/13] 在馆    
5 0033962   000463901   密集书库/ [索取号:G551.2/13] 在馆    
6 0033963   001661017   密集书库/ [索取号:G551.2/13] 在馆    
7 0033964   001720132   密集书库/ [索取号:G551.2/13] 在馆    
8 0033965   001660973   密集书库/ [索取号:G551.2/13] 在馆    
9 0033967   000463983   第一样本阅览室/ [索取号:G551.2/13] 在馆    
10 0033969   202202160   密集书库/ [索取号:G551.2/13] 在馆    
11 0033971   202207325   密集书库/ [索取号:G551.2/13] 在馆    
12 0033972   000463947   密集书库/ [索取号:G551.2/13] 在馆    
13 0422002   204220020   密集书库/ [索取号:G551.2/13] 在馆    
14 0424276   204242765   密集书库/ [索取号:G551.2/13] 在馆    
15 0426379   204263796   密集书库/ [索取号:G551.2/13] 在馆    
16 0447008   204470081   密集书库/ [索取号:G551.2/13] 在馆    
17 0459103   204591030   密集书库/ [索取号:G551.2/13] 在馆    
唐山师范学院图书馆 欢迎您!
大连网信软件有限公司© 版权所有